书目信息 |
| 题名: |
“回顾'十五'、展望'十一五'”关键词解读
|
|
| 作者: | ;中共山东省委 编 | |
| 分册: | ||
| 出版信息: | 济南 山东人民出版社 2006.03 |
|
| 页数: | 156页 | |
| 开本: | 21cm | |
| 丛书名: | ||
| 单 册: | ||
| 中图分类: | F123.392 | |
| 科图分类: | ||
| 主题词: | 国民经济计划--guo min jing ji ji hua--五年计划--中国--学习参考资料 , 国民经济计划--guo min jing ji ji hua--五年计划--中国--2006-2010--学习参考资料 | |
| 电子资源: | ||
| ISBN: | 7-209-03969-4 | |
| 000 | 01021nam0 2200241 450 | |
| 001 | 012008976091 | |
| 005 | 20080419105619.31 | |
| 010 | @a7-209-03969-4@dCNY14.80 | |
| 100 | @a20080419d2006 em y0chiy0120 ea | |
| 101 | 0 | @achi |
| 102 | @aCN@b370000 | |
| 105 | @ay z 000yy | |
| 106 | @ar | |
| 200 | 1 | @a“回顾'十五'、展望'十一五'”关键词解读@A“hui gu'shi wu'、zhan wang'shi yi wu'”guan jian ci jie du@f中共山东省委宣传部编@Fzhong gong shan dong sheng wei xuan chuan bu bian |
| 210 | @a济南@c山东人民出版社@d2006.03 | |
| 215 | @a156页@d21cm | |
| 330 | @a本书集中展示“十五”时期我国、我省经济社会发展的辉煌成就,全面反映“十一五”规划的总体目标、指导方针和重要部署。 | |
| 606 | 0 | @a国民经济计划@Aguo min jing ji ji hua@x五年计划@y中国@j学习参考资料 |
| 606 | 0 | @a国民经济计划@Aguo min jing ji ji hua@x五年计划@y中国@z2006-2010@j学习参考资料 |
| 690 | @aF123.392@v4 | |
| 711 | 02 | @a中共山东省委@Azhong gong shan dong sheng wei@b宣传部@4编 |
| 801 | 0 | @aCN@bQSSK@c20080419 |
| 905 | @b293388-89@dF123.392@eZ529@f2 | |
| “回顾'十五'、展望'十一五'”关键词解读/中共山东省委宣传部编.-济南:山东人民出版社,2006.03 |
| 156页;21cm |
| ISBN 7-209-03969-4:CNY14.80 |
| 本书集中展示“十五”时期我国、我省经济社会发展的辉煌成就,全面反映“十一五”规划的总体目标、指导方针和重要部署。 |
| ● |
| 相关链接 |
|
|
|
正题名:"回顾'十五'、展望'十一五'"关键词解读
索取号:F123.392/Z529
 
预约/预借
| 序号 | 登录号 | 条形码 | 馆藏地/架位号 | 状态 | 备注 |
| 1 | 293388 | 202933889 | 社科库409/409社科库 68排4列5层/ [索取号:F123.392/Z529] | 在馆 | |
| 2 | 293389 | 202933898 | 社科库409/409社科库 68排4列5层/ [索取号:F123.392/Z529] | 在馆 |